000 01192nam a22003377a 4500
003 CHAP
005 20220329141952.0
008 981026d1992 mx a r 00110 spa d
010 _a76425
011 _a77397
020 _a9683622372
035 _a87003
040 _cCHAP
082 0 4 _a398.3
_bO8
100 0 0 _aOswald Spring, Ursula.
_984301
245 1 0 _aMitos y realidades del Morelos actual
_c/coord. por Ursula Oswald Spring
260 _aCuernavaca, Mor. :
_bUniversidad Nacional Autónoma de México. Centro Regional de Investigaciones Multidisciplinarias,
_c1992.
300 _a344 p. :
_bilus. ; gráfs. ; mapas ; cuadros
590 _aBATCH-UPD
_b10
_c20130110
_lUCH01
_h0007
590 _aBATCH-UPD
_b10
_c20130110
_lUCH01
_h1115
590 _aBATCH-UPD
_b10
_c20130409
_lUCH01
_h1943
590 _aBATCH-UPD
_b10
_c20130914
_lUCH01
_h1820
590 _aCONVERSION
_b10
_c20130109
_lUCH01
_h1342
650 1 4 _aMitos.
_976250
650 1 4 _aMorelos
_xCondiciones económicas.
_978525
650 1 4 _aMorelos
_xCondiciones sociales.
_978527
901 _aBK
905 _aAlejandra Carrasco M.
942 _cLIBRO
949 _a398.3 O8
_bBC
_cLIBRO
_d33724000681300
_eLIBRO
_h93989
_i87003
_si
999 _c76425
_d76425